Personaggi dei grandi romanzi - Statistics

Statistiche generali
  • Questo quiz è stato fatto 370 volte
  • Il punteggio medio è 13 su 25
Statistiche sulle risposte
Personaggi Romanzo % Corretto
Lorenzo Tramaglino, Lucia Mondella, Don Rodrigo I promessi sposi (Alessandro Manzoni)
96%
Pinochio, Mastro Geppetto, Lucignolo Le avventure di Pinocchio (Carlo Collodi)
96%
Il Piccolo Principe, l'Aviatore, la Volpe Il piccolo principe (Antoine de Saint-Exupery)
95%
Don Chisciotte, Sancio Panza Don Chisciotte della Mancia (Miguel De Cervantes)
91%
Mowgli, Orso Baloo, Shere Khan Il libro della giungla (Rudyard Kipling)
88%
Zeno Cosini, Dottor S., Augusta Malfenti La coscienza di Zeno (Italo Svevo)
87%
Robinson Crusoe, Venerdì, Xury Le avventure di Robinson Crusoe (Daniel Defoe)
87%
Frodo Baggins, Gandalf, Legolas Thranduilion Il Signore degli Anelli (John R. R. Tolkien)
81%
Jacopo Ortis, Teresa, Odoardo Ultime lettere di Jacopo Ortis (Ugo Foscolo)
80%
Lemuel Gulliver, Golbasto Gue, fantasma di Giulio Cesare I viaggi di Gulliver (Jonathan Swift)
72%
Werther, Charlotte, Albert I dolori del giovane Werther (Johann W. von Goethe)
62%
Tom Sawyer, Huckleberry Finn, Joe l'Indiano Le avventure di Tom Sawyer (Mark Twain)
58%
Pierre Aronnax, Capitano Nemo, Ned Land Ventimila leghe sotto i mari (Jules Verne)
50%
Pierre Bezuchov, Andrei Bolkonskij, Natalia Rostova Guerra e pace (Lev Tolstoj)
47%
Edmond Dantes, Fernand Mondego, Abate Faria Il conte di Montecristo (Alexandre Dumas)
42%
Jean Valjant, Javert, Cosette I Miserabili (Victor Hugo)
41%
Margherita, Woland, Azazello Il maestro e Margherita (Michail Bulgakov)
31%
Leopold Bloom, Molly Bloom, Stephen Dedalus Ulisse (James Joyce)
27%
Cosimo Piovasco di Rondò, Violante d'Ondariva, Sofonisba Viola Il barone rampante (Italo Calvino)
25%
Pantagruele, Gargantua, Bacbuc La vita di Gargantua e Pantagruel (Francois Rebelais)
25%
Useppe, Ida Ramundo, Ninuzzo La Storia (Elsa Morante)
20%
Occhio di Falco, Chingachook, Cora Munro L'ultimo dei Mohicani (James F. Cooper)
14%
Emilio di Roccabruna, Wan Guld, Carmaux Il corsaro nero (Emilio Salgari)
8%
Sal Paradise, Dean Moriarty, Chad King On the road (Jack Kerouac)
8%
Hans Castorp, Lodovico Settembrini, Madame Chauchat La montagna incantata (Thomas Mann)
5%
Nessun quiz corrispondente trovato
Distribuzione punteggi
Percentuale di utenti per punteggio
Percentile per numero di risposta
I tuoi punteggi nel tempo
Non hai fatto questo quiz